La otra Maria o la niña Artemisa /

Gorde:
Xehetasun bibliografikoak
Egile nagusia: Nuñez Machin, Ana
Formatua: Ezezaguna
Hizkuntza:Spanish
Argitaratua: Cuba : Editorial Arte y Literatura, 1975.
Gaiak:
Etiketak: Etiketa erantsi
Etiketarik gabe, Izan zaitez lehena erregistro honi etiketa jartzen!

MARC

LEADER 000000000a22000000004500
001 002693
041 0 |a spa 
082 0 4 |a 92   |b G748n 
100 1 |a Nuñez Machin, Ana 
245 1 3 |a La otra Maria o la niña Artemisa /   |c Ana Nuñez Machin. 
260 1 |a Cuba :   |b Editorial Arte y Literatura,   |c 1975. 
300 |a 130 páginas 
650 4 |a GRANADOS, MARIA JOSEFA, 1880-1971 
650 4 |a FEMINISMO 
650 4 |a CUBA 
650 4 |a BIOGRAFIA 
999 |c 9061  |d 9061 
942 |c BK  |h 92 G748n  |2 z